| 000 | 00798nam a2200253Ia 4500 | ||
|---|---|---|---|
| 003 | OSt | ||
| 005 | 20220925233615.0 | ||
| 006 | a|||||r|||| 00| 0 | ||
| 007 | ta | ||
| 008 | 220923b |||||||| |||| 00| 0 eng d | ||
| 020 |
_a9789380618418 _c335.75 |
||
| 037 |
_bABPL/AD/13-14/37, 11/03/2014, Anne Books Pvt Ltd _cGeneral Book |
||
| 040 |
_aRTL _cRTL _beng |
||
| 041 |
_2eng _aeng |
||
| 082 | _aX:8, Q1 | ||
| 100 |
_aGHOSH B.N. _920678 |
||
| 245 | 0 | _aManagerial economics and business decisions. | |
| 260 |
_a New Delhi _bAne Books _c2011 |
||
| 300 |
_axi, 459p. _ccm. |
||
| 500 | _aBibliography: 253-60. Glossary: P 251-52 | ||
| 650 | _aCommerce | ||
| 942 |
_hX:8, Q1 _cGB _2CC |
||
| 999 |
_c594124 _d594124 |
||